000 00745nam a2200205 a 4500
001 000034463
005 20200930073719.0
008 111004s1992 ag 000 0 spa d
020 _a9501509443
040 _aDO-SdBNP
_bspa
_cBNPHU
082 _axxx
_bM272m
100 1 _aMandino, Og.
_946948
240 1 3 _aThe greatest miracle in the world
_lEspañol
245 1 3 _aEl milagro más grande del mundo /
_cOg. Mandino ; traducción Guadalupe García de León del Paso.
260 _aBuenos Aires, Argentina :
_bVerlap,
_c1992.
300 _a160 p. ;
_c23 cm.
500 _aIncluye datos biográficos del autor en la solapa de la contracubierta
500 _aTraducido del inglés
700 1 _aGarcía de León del Paso, Guadalupe,
_etrad.
_959898
999 _c33954
_d33954